书目信息 |
| 题名: |
大学生村官实用手册
|
|
| 作者: | 胡跃高 , 唐运新 主编 | |
| 分册: | ||
| 出版信息: | 北京 中国农业出版社 2011.04 |
|
| 页数: | 421页 | |
| 开本: | 26cm | |
| 丛书名: | ||
| 单 册: | ||
| 中图分类: | F325.4-62 | |
| 科图分类: | ||
| 主题词: | 农村--干部工作--中国--手册 , 农村 , 干部工作 | |
| 电子资源: | ||
| ISBN: | 978-7-109-15559-6 | |
| 000 | 01159nam0 2200265 45 | |
| 001 | 1354484171 | |
| 005 | 20130510101346.82 | |
| 010 | @a978-7-109-15559-6@dCNY49.00 | |
| 100 | @a20130108d2011 em y0chiy50 ea | |
| 101 | 0 | @achi |
| 102 | @aCN@b110000 | |
| 105 | @aak z 000yy | |
| 106 | @ar | |
| 200 | 1 | @a大学生村官实用手册@ADa Xue Sheng Cun Guan Shi Yong Shou Ce@f胡跃高,唐运新主编@FHu Yue Gao, Tang Yun Xin Zhu Bian |
| 210 | @a北京@c中国农业出版社@d2011.04 | |
| 215 | @a421页@c图@d26cm | |
| 330 | @a本书共分六篇:指导篇介绍中央主管部门与中央领导有关大学生村官工作的重要文件与指示、讲话;背景篇介绍我国大学生村官事业建设的国际国内基本背景、形势、任务;素质篇介绍大学生村官在农村、牧区工作条件下,要求的基本素养与提高方法;管理篇介绍若干典型农业产业发展管理;种植篇介绍主要粮食作物、经济作物栽培管理技术问题的解决经验与方法;养殖篇介绍主要家养家畜、水产养殖动物的饲养管理技术。 | |
| 606 | 0 | @a农村@x干部工作@y中国@j手册 |
| 606 | 0 | @a农村 |
| 606 | 0 | @a干部工作 |
| 690 | @aF325.4-62@v5 | |
| 701 | 0 | @a胡跃高@AHu Yue Gao@4主编 |
| 701 | 0 | @a唐运新@ATang Yun Xin@4主编 |
| 801 | @aCN@bTANGWEI@c20130108 | |
| 905 | @b0830205-08@dF325.4-62@e138@f4 | |
| 大学生村官实用手册/胡跃高,唐运新主编.-北京:中国农业出版社,2011.04 |
| 421页:图;26cm |
| ISBN 978-7-109-15559-6:CNY49.00 |
| 本书共分六篇:指导篇介绍中央主管部门与中央领导有关大学生村官工作的重要文件与指示、讲话;背景篇介绍我国大学生村官事业建设的国际国内基本背景、形势、任务;素质篇介绍大学生村官在农村、牧区工作条件下,要求的基本素养与提高方法;管理篇介绍若干典型农业产业发展管理;种植篇介绍主要粮食作物、经济作物栽培管理技术问题的解决经验与方法;养殖篇介绍主要家养家畜、水产养殖动物的饲养管理技术。 |
| ● |
| 相关链接 |
|
|
|
|
正题名:大学生村官实用手册
索取号:F325.4-62/138
 
预约/预借
| 序号 | 登录号 | 条形码 | 馆藏地/架位号 | 状态 | 备注 |
| 1 | 0830205 | 208302059 | 第一样本阅览室/ [索取号:F325.4-62/138] | 在馆 | |
| 2 | 0830206 | 208302068 | 第一借阅区/ [索取号:F325.4-62/138] | 在馆 | |
| 3 | 0830207 | 208302077 | 第一借阅区/ [索取号:F325.4-62/138] | 在馆 | |
| 4 | 0830208 | 208302086 | 第一借阅区/ [索取号:F325.4-62/138] | 在馆 |